00998nam a2200265 450000100040000000300040000400500170000800700040002500800410002902000150007003500200008503500230010503500260012803500160015404000200017024501330019026000500032330000240037350001040039750400530050165000310055470000300058570000500061571000670066500000020150414120713.0000870126s1985 enk b 001 0 eng d a0851869173 a(OCoLC)12524526 a(OCoLC)ocm12524526 a(CStRLIN)NYCG87-B7870 a(NNC)598849 aUOELcCLSUdNNC00aRecent developments in the history of chemistry /ceditor and senior author, C.A. Russell ; authors, R.G.W. Anderson,...[et al.] aLondon :bRoyal Society of Chemistry,cc1985. ax, 333 p. ;c22 cm. a"It originated from an initiative of the Historical Group of the Royal Society of Chemistry..."p.1. aIncludes bibliographical references and indexes. 0aChemistryxHistoriography.1 aRussell, Colin Archibald.1 aAnderson, R. G. W.q(Robert Geoffrey William)2 aRoyal Society of Chemistry (Great Britain).bHistorical Group.